[Event "Open Plzen 2017"]
[Site "Plzen"]
[Date "2017.11.23"]
[Round "5"]
[White "Murray, Jim G"]
[Black "Spreer, Lutz"]
[Result "1-0"]
[WhiteElo "1874"]
[BlackElo "1666"]
[PlyCount "79"]
[EventDate "2017.11.19"]

1. d4 d5 2. c4 Nc6 3. Nf3 Bg4 4. e3 Nf6 5. Nc3 e5 6. dxe5 Nxe5 7. cxd5 Nxf3+ 8.
gxf3 Bd7 9. Qb3 b6 10. Rg1 a5 11. Bc4 a4 12. Qc2 Nh5 13. Qe4+ Be7 14. Qe5 f5
15. Rg5 Kf8 16. Rxh5 Bf6 17. Rxf5 Bxf5 18. Qxf5 Ra5 19. Ne4 a3 20. b3 c5 21.
Bd2 b5 22. Be2 b4 23. Nxf6 gxf6 24. O-O-O h5 25. Rg1 Ra8 26. e4 Qe7 27. Bf4 Rd8
28. Bc4 Ke8 29. Rg6 Rf8 30. Bh6 Rd6 31. Bxf8 Kxf8 32. Qxh5 Qf7 33. Qh8+ Ke7 34.
Rg7 f5 35. Rxf7+ Kxf7 36. e5 Rg6 37. d6+ Re6 38. Qf6+ Kg8 39. Qg6+ Kh8 40. Bxe6
1-0

[Event "Open Plzen 2017"]
[Site "Plzen"]
[Date "2017.11.23"]
[Round "5"]
[White "Prachar, Josef"]
[Black "Kalista, Karel"]
[Result "1-0"]
[WhiteElo "1834"]
[BlackElo "1828"]
[PlyCount "125"]
[EventDate "2017.11.19"]

1. d4 Nf6 2. c4 c6 3. Nc3 d5 4. Nf3 dxc4 5. a4 Bf5 6. e3 e6 7. Bxc4 Bb4 8. O-O
O-O 9. Nh4 Be4 10. Nxe4 Nxe4 11. g3 Nd7 12. f3 Nef6 13. e4 c5 14. Be3 Rc8 15.
d5 Nb6 16. b3 exd5 17. exd5 Nbxd5 18. Bg5 Nb6 19. Qxd8 Rcxd8 20. Nf5 Nxc4 21.
Bxf6 gxf6 22. bxc4 Rd2 23. Rad1 Rfd8 24. Ne7+ Kg7 25. Nd5 Ra2 26. Nxb4 Rxd1 27.
Nxa2 Rd3 28. Rc1 Ra3 29. Nc3 Rb3 30. Ne4 b6 31. Kg2 Rb2+ 32. Kh3 Rb4 33. a5 Ra4
34. axb6 axb6 35. Kg4 Kg6 36. Kf4 b5 37. Nxc5 Rb4 38. Ke3 bxc4 39. Kd4 Rb2 40.
Rxc4 Rxh2 41. Ke4 Ra2 42. Kf4 Ra3 43. Ne4 Ra6 44. Rc5 Rb6 45. g4 h6 46. Kg3 Ra6
47. Rf5 Rb6 48. Kh4 Ra6 49. Ng3 Rb6 50. Nh5 Ra6 51. Nf4+ Kg7 52. Nd5 Kg6 53.
Rh5 Ra8 54. Ne7+ Kg7 55. Nf5+ Kg8 56. Nxh6+ Kf8 57. Nf5 Kg8 58. Kg3 Ra3 59. Rh6
Ra6 60. g5 Ra1 61. Rxf6 Ra7 62. Nh6+ Kg7 63. Rxf7+ 1-0

[Event "Open Plzen 2017"]
[Site "Plzen"]
[Date "2017.11.23"]
[Round "5"]
[White "Kotesovec, Jaroslav"]
[Black "Griec, Milan"]
[Result "1/2-1/2"]
[WhiteElo "1502"]
[BlackElo "1609"]
[PlyCount "38"]
[EventDate "2017.11.19"]

1. e4 {[%emt 0:00:00]} c5 {[%emt 0:00:00]} 2. Nf3 d6 3. Nc3 a6 4. Be2 e6 5. d4
cxd4 6. Nxd4 b5 7. a3 Bb7 8. O-O Nf6 9. Bg5 Be7 10. Bd3 Nc6 11. Nf3 O-O 12. Re1
Nd7 13. Bxe7 Qxe7 14. h3 Nce5 15. Nxe5 Nxe5 16. f4 Nxd3 17. cxd3 Qf6 18. Qd2
Qd4+ 19. Qe3 Qxe3+ 1/2-1/2

[Event "Open Plzen 2017"]
[Site "Plzen"]
[Date "2017.11.23"]
[Round "5"]
[White "Wrzecionko, David"]
[Black "Vilimek, Vit"]
[Result "0-1"]
[WhiteElo "1570"]
[BlackElo "1416"]
[PlyCount "86"]
[EventDate "2017.11.19"]

1. Nf3 Nf6 2. b3 d5 3. Bb2 c5 4. e3 e6 5. h3 b6 6. Be2 Nc6 7. Bb5 Bb7 8. Bxc6+
Bxc6 9. Ne5 Bb5 10. d3 Bd6 11. Nd2 Qc7 12. Ndf3 Nd7 13. Nxd7 Bxd7 14. O-O O-O
15. Rc1 c4 16. Qe1 Bb5 17. Qd1 Qe7 18. dxc4 dxc4 19. Qd4 e5 20. Qd5 c3 21. Qxb5
cxb2 22. Rb1 e4 23. Nd4 a6 24. Qh5 g6 25. Qe2 Qe5 26. f4 exf3 27. Nxf3 Qc3 28.
Qd3 Rac8 29. Nd4 Qxd3 30. cxd3 Rfe8 31. Rxb2 Rxe3 32. Rd1 Bc5 33. Rc2 Rxd3 34.
Rcc1 Bxd4+ 35. Kh1 Rxd1+ 36. Rxd1 Be5 37. Re1 f6 38. Kg1 Re8 39. Kf1 Rc8 40.
Re2 Re8 41. Rc2 Bg3 42. Rc1 Kf7 43. Rc7+ Re7 0-1

[Event "Open Plzen 2017"]
[Site "Plzen"]
[Date "2017.11.24"]
[Round "6"]
[White "Burnett, Andrew"]
[Black "Eret, Jonas"]
[Result "1-0"]
[WhiteElo "2208"]
[BlackElo "2205"]
[PlyCount "107"]
[EventDate "2017.11.19"]

1. d4 {[%emt 0:00:00]} d6 {[%emt 0:00:00]} 2. c4 e5 3. Nf3 e4 4. Ng1 f5 5. Nc3
Nf6 6. g3 Be7 7. Bg2 c6 8. Nh3 O-O 9. O-O Na6 10. f3 exf3 11. exf3 Nc7 12. Re1
Re8 13. Qb3 h6 14. Nf4 Bf8 15. Bd2 g5 16. Nd3 Bg7 17. Rxe8+ Qxe8 18. c5+ d5 19.
Re1 Ne6 20. Be3 Rb8 21. Bf2 Qd8 22. Qa4 a6 23. Ne5 Nd7 24. Nxd7 Bxd7 25. Bf1 b5
26. cxb6 Nxd4 27. Qd1 Qf6 28. Na4 g4 29. Bg2 f4 30. Nc5 Bf5 31. fxg4 Bc2 32.
Qd2 fxg3 33. Bxg3 Rd8 34. Be5 Qxe5 35. Rxe5 Bxe5 36. b7 Be4 37. Bxe4 dxe4 38.
Qxh6 Nf3+ 39. Kg2 Rd2+ 40. Qxd2 Nxd2 41. Nd7 Bc7 42. b8=Q+ Bxb8 43. Nxb8 Nc4
44. Nxa6 Nxb2 45. Nc5 e3 46. Kf3 Nc4 47. h3 Kf7 48. Ke2 Kf6 49. h4 Ke5 50. h5
Kd5 51. Nd3 Ke4 52. h6 Nd6 53. h7 Nf7 54. a4 1-0

[Event "Open Plzen 2017"]
[Site "Plzen"]
[Date "2017.11.24"]
[Round "6"]
[White "Stella, Andrea"]
[Black "Kopriva, Martin"]
[Result "1-0"]
[WhiteElo "2506"]
[BlackElo "2084"]
[PlyCount "69"]
[EventDate "2017.11.19"]

1. Nf3 {[%emt 0:00:00]} g6 2. e4 Bg7 3. d4 d6 4. Nc3 c6 5. a4 Qc7 6. h3 e5 7.
dxe5 dxe5 8. Bc4 Nf6 9. Be3 O-O 10. O-O Qe7 11. a5 Nh5 12. Qd2 Rd8 13. Qc1 Be6
14. Be2 Nd7 15. Ng5 Nhf6 16. Nxe6 Qxe6 17. b4 Nf8 18. Rd1 Qe8 19. Rxd8 Qxd8 20.
Bc4 Qe8 21. f3 Ne6 22. Na4 Bf8 23. c3 Nh5 24. Kh2 Qc8 25. Qg1 Qb8 26. Bxe6 fxe6
27. Rd1 Be7 28. Qf1 Qf8 29. Qc4 Qf7 30. Nc5 Bxc5 31. Qxc5 Qf6 32. Rd7 Qh4 33.
Qxe5 Qg3+ 34. Qxg3 Nxg3 35. Kxg3 1-0

[Event "Open Plzen 2017"]
[Site "Plzen"]
[Date "2017.11.24"]
[Round "6"]
[White "Jurek, Josef"]
[Black "Plischki, Sebastian"]
[Result "1/2-1/2"]
[WhiteElo "2265"]
[BlackElo "2395"]
[PlyCount "23"]
[EventDate "2017.11.19"]

1. c4 c5 2. g3 Nc6 3. Bg2 g6 4. Nc3 Bg7 5. a3 b6 6. b4 Bb7 7. Rb1 d6 8. Bb2 Qd7
9. Qa4 Nf6 10. Nd5 O-O 11. Nxf6+ Bxf6 12. Bxf6 1/2-1/2

[Event "Open Plzen 2017"]
[Site "Plzen"]
[Date "2017.11.24"]
[Round "6"]
[White "Basson, Heinrich"]
[Black "Wiley, Thomas"]
[Result "0-1"]
[WhiteElo "1939"]
[BlackElo "2117"]
[PlyCount "104"]
[EventDate "2017.11.19"]

1. d4 Nf6 2. Bf4 d5 3. Nf3 c5 4. c3 e6 5. e3 Bd6 6. Bg3 O-O 7. Nbd2 b6 8. Bd3
Ba6 9. Qe2 Bxd3 10. Qxd3 cxd4 11. exd4 Nc6 12. Ne5 Ne7 13. Nef3 Ng6 14. Bxd6
Qxd6 15. O-O Rfc8 16. Rfe1 Qc6 17. Ne5 Qb7 18. Nxg6 hxg6 19. Rac1 b5 20. Rc2 b4
21. Rec1 bxc3 22. Rxc3 Rxc3 23. Qxc3 Rb8 24. b3 Ne8 25. Nf3 Nd6 26. Ne5 g5 27.
h3 f6 28. Nd3 Rc8 29. Qb2 Nf5 30. Re1 Qb6 31. Nc5 Nxd4 32. Qxd4 Rxc5 33. Qg4 e5
34. Qd7 Kf8 35. Qf5 Qc7 36. Qh7 Rc1 37. Qh8+ Kf7 38. Qh5+ Ke7 39. Qe2 d4 40.
Rxc1 Qxc1+ 41. Kh2 Qc6 42. Qd3 Qd5 43. f3 Kf7 44. Kg1 Qa5 45. Qc4+ Kg6 46. Qd3+
Kh6 47. a4 Qc3 48. Qd1 a5 49. Kf2 Kg6 50. Ke2 Kf7 51. Qb1 Qe3+ 52. Kf1 d3 0-1

[Event "Open Plzen 2017"]
[Site "Plzen"]
[Date "2017.11.24"]
[Round "6"]
[White "Bartos, Jan"]
[Black "Paldus, Petr"]
[Result "1/2-1/2"]
[WhiteElo "2227"]
[BlackElo "1928"]
[PlyCount "44"]
[EventDate "2017.11.19"]

1. d4 {[%emt 0:00:00]} d5 2. c4 e6 3. Nf3 c6 4. Nc3 f5 5. Bf4 Nf6 6. e3 Nbd7 7.
Bd3 Ne4 8. Ne5 Ndf6 9. f3 Nxc3 10. bxc3 Nh5 11. Qc2 Nxf4 12. exf4 Bd6 13. O-O
O-O 14. Rae1 Bd7 15. Qb3 Bxe5 16. Rxe5 b5 17. c5 a5 18. Rfe1 Qc7 19. g3 h5 20.
R1e2 Rfb8 21. Rd2 a4 22. Qc2 b4 1/2-1/2

[Event "Open Plzen 2017"]
[Site "Plzen"]
[Date "2017.11.24"]
[Round "6"]
[White "Csiki, Endre"]
[Black "Kalinowska, Zuzanna"]
[Result "1/2-1/2"]
[WhiteElo "2084"]
[BlackElo "1948"]
[PlyCount "51"]
[EventDate "2017.11.19"]

1. e4 c5 2. Nf3 e6 3. d4 cxd4 4. Nxd4 a6 5. Bd3 Nf6 6. O-O d6 7. Kh1 Be7 8. f4
Nc6 9. Be3 Qc7 10. Nc3 Nxd4 11. Bxd4 e5 12. fxe5 dxe5 13. Be3 Be6 14. Qf3 Rd8
15. Qg3 Kf8 16. Rad1 h5 17. Qf2 Ng4 18. Qg1 Nxe3 19. Qxe3 g6 20. Ne2 Kg7 21. b3
b5 22. Rc1 Ba3 23. Rb1 Be7 24. Rbc1 Ba3 25. Rb1 Be7 26. Rbc1 1/2-1/2

[Event "Open Plzen 2017"]
[Site "Plzen"]
[Date "2017.11.24"]
[Round "6"]
[White "Stock, Andreas"]
[Black "Ilzhoefer, Karl-Heinz"]
[Result "1/2-1/2"]
[WhiteElo "2051"]
[BlackElo "1791"]
[PlyCount "83"]
[EventDate "2017.11.19"]

1. c4 {[%emt 0:00:00]} Nf6 2. Nc3 c5 3. g3 Nc6 4. Bg2 d6 5. d3 e6 6. e4 Be7 7.
Nge2 O-O 8. d4 cxd4 9. Nxd4 Ne5 10. b3 Bd7 11. O-O a6 12. h3 Qc7 13. a4 Rac8
14. Be3 Qa5 15. Qd2 Nc6 16. Rfd1 Rfd8 17. f4 Ne8 18. Nxc6 bxc6 19. c5 Kf8 20.
cxd6 Bxd6 21. e5 Bb4 22. Rac1 Nc7 23. Qc2 Nd5 24. Nxd5 cxd5 25. Qxh7 Rxc1 26.
Rxc1 Ba3 27. Qh8+ Ke7 28. Qh4+ Kf8 29. Rf1 Kg8 30. g4 Rb8 31. f5 Rxb3 32. fxe6
Bxe6 33. Bg5 Qxa4 34. Bf4 Qa5 35. Bf3 Qb6+ 36. Kh2 Rb1 37. Rxb1 Qxb1 38. Qd8+
Bf8 39. Bg2 a5 40. Qxa5 Qb4 41. Qxb4 Bxb4 42. Bf3 1/2-1/2

[Event "Open Plzen 2017"]
[Site "Plzen"]
[Date "2017.11.24"]
[Round "6"]
[White "Kejzlar, Lubos"]
[Black "Hajek, Jiri"]
[Result "1/2-1/2"]
[WhiteElo "1946"]
[BlackElo "2042"]
[PlyCount "71"]
[EventDate "2017.11.19"]

1. e4 {[%emt 0:00:00]} d5 2. exd5 Nf6 3. Nc3 Nxd5 4. d3 Nxc3 5. bxc3 e5 6. Nf3
Bd6 7. Be2 O-O 8. O-O Nc6 9. Re1 Bf5 10. Nd2 Bg6 11. Bf3 Qd7 12. Nc4 Rfe8 13.
Nxd6 cxd6 14. c4 Rad8 15. Bd5 Nb4 16. Bf3 Qa4 17. Rb1 a5 18. a3 Qxc2 19. Bg5
Qxd1 20. Rexd1 f6 21. axb4 fxg5 22. bxa5 Ra8 23. Bd5+ Bf7 24. Bxf7+ Kxf7 25.
Rxb7+ Re7 26. Rxe7+ Kxe7 27. Ra1 Ra6 28. Kf1 Ke6 29. Ke2 d5 30. Ke3 Kd6 31.
cxd5 Kxd5 32. Ra4 h6 33. Kd2 Kc5 34. Kc3 Kb5 35. Re4 Rc6+ 36. Kb3 1/2-1/2

[Event "Open Plzen 2017"]
[Site "Plzen"]
[Date "2017.11.24"]
[Round "6"]
[White "Kubat, Miroslav"]
[Black "Aird, Ian"]
[Result "1-0"]
[WhiteElo "2002"]
[BlackElo "1738"]
[PlyCount "51"]
[EventDate "2017.11.19"]

1. e4 e5 2. Nc3 Nf6 3. f4 d5 4. fxe5 Nxe4 5. Nf3 Bc5 6. d4 Bb4 7. Bd2 c5 8.
Nxe4 dxe4 9. Bxb4 cxb4 10. Bb5+ Bd7 11. Bxd7+ Nxd7 12. Nd2 Qg5 13. Qe2 e3 14.
Nf3 Qf4 15. O-O O-O 16. Qb5 Nb6 17. Qxb4 Rac8 18. c3 Rc6 19. Qb5 Rh6 20. Rae1
Rc8 21. g3 Rg6 22. Qe2 Nd5 23. Qg2 Qg4 24. Nh4 Rg5 25. Qxd5 Qxh4 26. Qxf7+ 1-0

[Event "Open Plzen 2017"]
[Site "Plzen"]
[Date "2017.11.24"]
[Round "6"]
[White "Chudek, Lubomir"]
[Black "Ryabov, Igor"]
[Result "0-1"]
[WhiteElo "1731"]
[BlackElo "1952"]
[PlyCount "73"]
[EventDate "2017.11.19"]

1. e4 {[%emt 0:00:00]} e5 2. Nf3 Nc6 3. Bc4 Bc5 4. c3 Qe7 5. O-O Nf6 6. d4 Bb6
7. d5 Nb8 8. Bd3 d6 9. h3 Nbd7 10. Qe2 c6 11. c4 cxd5 12. cxd5 a6 13. a3 Nc5
14. Bc2 Bd7 15. Nc3 a5 16. Be3 a4 17. Qd1 O-O 18. Re1 Ba5 19. Bxc5 dxc5 20. Re3
b5 21. d6 Qe6 22. Ng5 Qe8 23. Nd5 Nxd5 24. Qxd5 Bc6 25. Qd1 h6 26. Nf3 Qe6 27.
Nh4 g6 28. Rg3 Kh7 29. Qf3 Rad8 30. Qe3 Rxd6 31. Qxc5 Rfd8 32. Nxg6 fxg6 33.
Qa7+ R6d7 34. Qxa5 Rd2 35. Qc3 Qd6 36. Rf3 Bb7 37. Qe3 0-1

[Event "Open Plzen 2017"]
[Site "Plzen"]
[Date "2017.11.24"]
[Round "6"]
[White "Vachal, Josef"]
[Black "Barthel, Ansgar"]
[Result "0-1"]
[WhiteElo "1866"]
[BlackElo "2202"]
[PlyCount "62"]
[EventDate "2017.11.19"]

1. e4 {[%emt 0:00:00]} Nf6 {[%emt 0:00:00]} 2. e5 Nd5 3. d4 d6 4. c4 Nb6 5.
exd6 cxd6 6. Nf3 g6 7. Be2 Bg7 8. O-O O-O 9. Nc3 Nc6 10. Be3 Bg4 11. b3 d5 12.
c5 Nc8 13. Rc1 e6 14. a3 N8e7 15. h3 Bxf3 16. Bxf3 Nf5 17. Ne2 Qf6 18. Qd3
Nfxd4 19. Nxd4 Nxd4 20. Bd1 Nf5 21. Bd2 Qd4 22. Qc2 Qb2 23. a4 Qxc2 24. Bxc2
Nd4 25. Bd1 Rfc8 26. Be3 Nf5 27. Be2 Bd4 28. Bxd4 Nxd4 29. Bd1 b6 30. b4 bxc5
31. bxc5 Rc7 0-1

[Event "Open Plzen 2017"]
[Site "Plzen"]
[Date "2017.11.24"]
[Round "6"]
[White "Hodan, Jiri"]
[Black "Brhlik, Antonin"]
[Result "1-0"]
[WhiteElo "1917"]
[BlackElo "1707"]
[PlyCount "93"]
[EventDate "2017.11.19"]

1. d4 d5 2. c4 e6 3. Nf3 c5 4. Nc3 Nc6 5. e3 Nf6 6. a3 cxd4 7. Nxd4 g6 8. cxd5
exd5 9. Bb5 Bd7 10. O-O Bg7 11. b4 Nxd4 12. exd4 O-O 13. Ba4 a6 14. Bb3 Bf5 15.
Bg5 Qd6 16. f3 b5 17. Qd2 Be6 18. Bf4 Qd7 19. Ne2 Rac8 20. Nc1 Qc6 21. Nd3 Nd7
22. Nc5 Nxc5 23. bxc5 Rfd8 24. Rae1 Bd7 25. h4 Re8 26. Bd6 Re6 27. Rxe6 Bxe6
28. h5 Rd8 29. hxg6 hxg6 30. Bf4 Bd7 31. Kf2 f6 32. Bh6 Bh8 33. Bc2 Be8 34. Re1
Bf7 35. Bf4 Re8 36. Bd6 Rxe1 37. Qxe1 Qd7 38. Qe3 Bg7 39. Ke2 Qc8 40. Qe7 Qa8
41. Qd7 Be8 42. Qc7 Qc6 43. Qxc6 Bxc6 44. Bxg6 Bf8 45. Bxf8 Kxf8 46. f4 Ke7 47.
g4 1-0

[Event "Open Plzen 2017"]
[Site "Plzen"]
[Date "2017.11.24"]
[Round "6"]
[White "Macho, Miloslav"]
[Black "Murray, Jim G"]
[Result "1/2-1/2"]
[WhiteElo "1720"]
[BlackElo "1874"]
[PlyCount "65"]
[EventDate "2017.11.19"]

1. e4 {[%emt 0:00:00]} e6 2. d3 c5 3. Nc3 Nc6 4. g3 g6 5. Bg2 Bg7 6. Nf3 Nge7
7. O-O O-O 8. Bg5 Qb6 9. Qc1 Re8 10. Rb1 a6 11. Re1 d6 12. a3 Bd7 13. Bh6 Rac8
14. Bh3 Qc7 15. Bxg7 Kxg7 16. Qf4 h6 17. Qh4 Nd4 18. Bg2 Nxc2 19. Rec1 Nd4 20.
Nxd4 cxd4 21. Ne2 Qb6 22. Rxc8 Bxc8 23. f4 e5 24. g4 Qd8 25. Qg3 Nc6 26. h4 g5
27. f5 f6 28. Qe1 Bd7 29. Kf2 Na7 30. Ng3 Rh8 31. Nh5+ Kf8 32. hxg5 hxg5 33.
Qb4 1/2-1/2

[Event "Open Plzen 2017"]
[Site "Plzen"]
[Date "2017.11.24"]
[Round "6"]
[White "Skurniak, Szymon"]
[Black "Ornet, Tomas"]
[Result "1-0"]
[WhiteElo "1702"]
[BlackElo "1637"]
[PlyCount "35"]
[EventDate "2017.11.19"]

1. Nf3 Nc6 2. d4 d5 3. c4 dxc4 4. d5 Nb8 5. e4 e6 6. Bxc4 Bb4+ 7. Nbd2 Bxd2+ 8.
Bxd2 exd5 9. exd5 Nf6 10. Bb4 Bg4 11. Qe2+ Kd7 12. Ne5+ Kc8 13. Nxg4 Re8 14.
Ne3 Nbd7 15. O-O Nb6 16. Rfd1 Nbxd5 17. Bxd5 Nxd5 18. Qg4+ 1-0

[Event "Open Plzen 2017"]
[Site "Plzen"]
[Date "2017.11.24"]
[Round "6"]
[White "Vilimek, Vit"]
[Black "Prachar, Josef"]
[Result "0-1"]
[WhiteElo "1416"]
[BlackElo "1834"]
[PlyCount "110"]
[EventDate "2017.11.19"]

1. d4 d5 2. Bf4 e6 3. Nf3 Nf6 4. e3 c5 5. c3 Nc6 6. Ne5 Qb6 7. Nxc6 Qxc6 8. a4
Bd7 9. Na3 a6 10. Rc1 Qxa4 11. Qxa4 Bxa4 12. c4 cxd4 13. cxd5 Bb4+ 14. Ke2 Nxd5
15. Be5 d3+ 16. Kxd3 O-O 17. e4 Ne7 18. Ke3 Nc6 19. Bg3 Rad8 20. Kf3 Bd1+ 21.
Be2 Nd4+ 22. Ke3 Bxe2 23. Be5 Nc6 24. Rxc6 bxc6 25. Kxe2 f6 26. Bf4 Bxa3 27.
bxa3 Rd4 28. f3 Rfd8 29. Rc1 Ra4 30. Rxc6 Rxa3 31. Rxe6 Kf7 32. Rc6 a5 33. Ra6
a4 34. Ra7+ Kg6 35. g4 Ra2+ 36. Ke3 a3 37. h4 h6 38. e5 Re8 39. Ra6 Kf7 40.
Ra7+ Kg8 41. Kd4 g5 42. hxg5 hxg5 43. Bc1 Rxe5 44. Ra8+ Kf7 45. Ra7+ Kg6 46. f4
gxf4 47. Bxf4 Rb5 48. Kc4 Rab2 49. Bd6 a2 50. Ra4 Rb6 51. Kc3 Rg2 52. Bf8 Rb1
53. Ba3 a1=Q+ 54. Kd3 Rb3+ 55. Ke4 Qe5# 0-1

[Event "Open Plzen 2017"]
[Site "Plzen"]
[Date "2017.11.24"]
[Round "6"]
[White "Daly, Patrick"]
[Black "Krisman, Ondrej"]
[Result "1-0"]
[WhiteElo "1793"]
[BlackElo "1590"]
[PlyCount "51"]
[EventDate "2017.11.19"]

1. d4 {[%emt 0:00:00]} d5 2. Nf3 Nf6 3. Bf4 Bg4 4. Nbd2 e6 5. e3 Bd6 6. Bg5 h6
7. Bh4 Nbd7 8. c3 c6 9. Bd3 Qc7 10. Qc2 e5 11. dxe5 Nxe5 12. Nxe5 Bxe5 13. f3
Bh5 14. O-O-O g5 15. Bf2 Rg8 16. g4 Bg6 17. Bxg6 Rxg6 18. h4 O-O-O 19. hxg5
hxg5 20. Rh2 Kb8 21. Rdh1 Ng8 22. Qf5 Re8 23. Rh7 Re7 24. Rxf7 Rxf7 25. Qxg6
Rg7 26. Qe8+ 1-0

[Event "Open Plzen 2017"]
[Site "Plzen"]
[Date "2017.11.25"]
[Round "7"]
[White "Stella, Andrea"]
[Black "Burnett, Andrew"]
[Result "1-0"]
[WhiteElo "2506"]
[BlackElo "2208"]
[PlyCount "79"]
[EventDate "2017.11.19"]

1. Nf3 Nf6 2. c4 g6 3. g3 Bg7 4. Bg2 O-O 5. O-O d6 6. d4 Nc6 7. Nc3 a6 8. d5
Na5 9. b3 c5 10. dxc6 Nxc6 11. Bb2 Qa5 12. Qc2 Bg4 13. Rad1 Rac8 14. Nd5 Nxd5
15. Bxg7 Kxg7 16. Rxd5 Qb6 17. Qb2+ f6 18. h3 Bxf3 19. exf3 Ne5 20. f4 Nf7 21.
Re1 e5 22. fxe5 fxe5 23. Re2 Nd8 24. c5 Rxc5 25. Rexe5 dxe5 26. Qxe5+ Qf6 27.
Rxc5 Qxe5 28. Rxe5 Kf6 29. f4 Rf7 30. g4 h6 31. Kf2 Rc7 32. h4 Nf7 33. g5+ hxg5
34. hxg5+ Kg7 35. Re6 Rc2+ 36. Kg3 Rxa2 37. Be4 Nh8 38. Re7+ Kf8 39. Rxb7 a5
40. Bd5 1-0

[Event "Open Plzen 2017"]
[Site "Plzen"]
[Date "2017.11.25"]
[Round "7"]
[White "Wiley, Thomas"]
[Black "Jurek, Josef"]
[Result "1/2-1/2"]
[WhiteElo "2117"]
[BlackElo "2265"]
[PlyCount "90"]
[EventDate "2017.11.19"]

1. d4 e6 2. c4 Nf6 3. Nc3 Bb4 4. e3 O-O 5. Nge2 c6 6. a3 Ba5 7. b4 Bc7 8. Ng3
d5 9. Bb2 Nbd7 10. Be2 dxc4 11. Bxc4 e5 12. Nce4 Nxe4 13. Nxe4 Qh4 14. Nd2 exd4
15. Nf3 Qe4 16. Qxd4 Qxd4 17. Bxd4 Nb6 18. Be2 Be6 19. O-O Rfd8 20. Rfc1 a6 21.
Nd2 Bd5 22. Bf3 Bxf3 23. Nxf3 Rd5 24. Ne1 Rad8 25. Nd3 Na4 26. h3 f6 27. Nc5
Nxc5 28. bxc5 Be5 29. Bxe5 Rxe5 30. Rab1 Rd7 31. Rc4 Kf7 32. Rcb4 Ree7 33. Kf1
Ke8 34. Ke2 Kd8 35. R1b3 Kc8 36. Rd3 Rxd3 37. Kxd3 Re5 38. Rc4 Rd5+ 39. Ke2 f5
40. g4 g6 41. Kf3 Kc7 42. Rc3 b5 43. cxb6+ Kxb6 44. e4 fxe4+ 45. Kxe4 Kc7
1/2-1/2

[Event "Open Plzen 2017"]
[Site "Plzen"]
[Date "2017.11.25"]
[Round "7"]
[White "Plischki, Sebastian"]
[Black "Kopriva, Martin"]
[Result "1-0"]
[WhiteElo "2395"]
[BlackElo "2084"]
[PlyCount "105"]
[EventDate "2017.11.19"]

1. d4 g6 2. c4 Bg7 3. e4 d6 4. Nc3 Nf6 5. f3 O-O 6. Be3 e5 7. Nge2 Nc6 8. d5
Ne7 9. g4 Ne8 10. Qd2 a6 11. Ng3 c6 12. h4 f5 13. gxf5 gxf5 14. Nh5 Rf7 15.
Nxg7 Nxg7 16. O-O-O c5 17. h5 f4 18. Bf2 Kh8 19. Bh4 Qf8 20. Bxe7 Qxe7 21. Bh3
Bxh3 22. Rxh3 b5 23. Rg1 Ne8 24. Rh2 Nf6 25. h6 Qf8 26. Qg2 Ng8 27. Qg7+ Rxg7
28. hxg7+ Qxg7 29. Rxg7 Kxg7 30. cxb5 axb5 31. Nxb5 Rd8 32. a4 Ra8 33. b3 Ra6
34. Kb2 Nf6 35. Ka3 h5 36. b4 cxb4+ 37. Kxb4 Kh6 38. a5 Nxe4 39. fxe4 Kg5 40.
Nc3 f3 41. Kb5 Ra8 42. a6 Rb8+ 43. Ka5 h4 44. a7 Rh8 45. Rb2 Ra8 46. Ka6 Kg4
47. Kb7 Rh8 48. a8=Q Rxa8 49. Kxa8 Kg3 50. Nd1 h3 51. Kb7 h2 52. Nf2 h1=Q 53.
Nxh1+ 1-0

[Event "Open Plzen 2017"]
[Site "Plzen"]
[Date "2017.11.25"]
[Round "7"]
[White "Ryabov, Igor"]
[Black "Malinovsky, Petr"]
[Result "1-0"]
[WhiteElo "1952"]
[BlackElo "1996"]
[PlyCount "53"]
[EventDate "2017.11.19"]

1. e4 {[%emt 0:00:00]} c5 2. Nf3 e6 3. g3 Nc6 4. Bg2 d5 5. e5 f6 6. exf6 Nxf6
7. O-O Bd6 8. d4 cxd4 9. Nxd4 O-O 10. c4 Nxd4 11. Qxd4 Qe7 12. cxd5 exd5 13.
Nc3 Bc5 14. Nxd5 Nxd5 15. Qxd5+ Be6 16. Qe5 Rf5 17. Qe4 Qf6 18. Be3 Rf8 19.
Bxc5 Rxc5 20. Qe3 b6 21. Rac1 Re5 22. Qd3 Rd8 23. Qc3 Re2 24. Rce1 Rdd2 25.
Rxe2 Rxe2 26. Qc6 Rxb2 27. Qe8+ 1-0

[Event "Open Plzen 2017"]
[Site "Plzen"]
[Date "2017.11.25"]
[Round "7"]
[White "Ilzhoefer, Karl-Heinz"]
[Black "Csiki, Endre"]
[Result "0-1"]
[WhiteElo "1791"]
[BlackElo "2084"]
[PlyCount "45"]
[EventDate "2017.11.19"]

1. e4 {[%emt 0:00:00]} e6 2. d4 d5 3. Nd2 Be7 4. Ngf3 Nf6 5. e5 Nfd7 6. Bb5 a6
7. Be2 c5 8. dxc5 Nc6 9. Nb3 Ndxe5 10. O-O Nd7 11. Be3 Na5 12. Nfd4 Nxb3 13.
Nxb3 Qc7 14. c4 dxc4 15. Bxc4 b6 16. Qf3 Bb7 17. cxb6 Nxb6 18. Bxb6 Qxb6 19.
Qe2 O-O 20. Rfd1 Bf6 21. Rd2 Rac8 22. Rad1 Qc6 23. Qf3 0-1

[Event "Open Plzen 2017"]
[Site "Plzen"]
[Date "2017.11.25"]
[Round "7"]
[White "Hajek, Jiri"]
[Black "Basson, Heinrich"]
[Result "1/2-1/2"]
[WhiteElo "2042"]
[BlackElo "1939"]
[PlyCount "80"]
[EventDate "2017.11.19"]

1. e4 d5 2. exd5 Qxd5 3. Nc3 Qd6 4. d4 Nf6 5. g3 c6 6. Bg2 e6 7. Nf3 Qc7 8. Bf4
Bd6 9. Bxd6 Qxd6 10. O-O O-O 11. Qe2 b6 12. Rfe1 Bb7 13. Rad1 Qc7 14. Ne5 Nbd7
15. g4 Nd5 16. Nxd5 exd5 17. Nxd7 Qxd7 18. Qe7 Qc8 19. h3 Re8 20. Qb4 Qc7 21.
Rxe8+ Rxe8 22. Re1 Rxe1+ 23. Qxe1 Kf8 24. Qe3 Qd6 25. Bf3 Bc8 26. Kg2 Be6 27.
a3 h6 28. Be2 f6 29. f4 Bd7 30. g5 Qe6 31. Qxe6 Bxe6 32. h4 fxg5 33. fxg5 hxg5
34. hxg5 Bf5 35. c3 Ke7 36. Kg3 g6 37. Kf4 Kd6 38. Bd1 Ke6 39. b3 b5 40. Be2
Kd6 1/2-1/2

[Event "Open Plzen 2017"]
[Site "Plzen"]
[Date "2017.11.25"]
[Round "7"]
[White "Kalinowska, Zuzanna"]
[Black "Hodan, Jiri"]
[Result "1/2-1/2"]
[WhiteElo "1948"]
[BlackElo "1917"]
[PlyCount "36"]
[EventDate "2017.11.19"]

1. d4 {[%emt 0:00:00]} Nf6 2. c4 g6 3. Nc3 Bg7 4. e4 d6 5. Nf3 O-O 6. h3 Nbd7
7. Be3 e5 8. d5 Ne8 9. g4 c5 10. Be2 h6 11. h4 a6 12. h5 g5 13. Nd2 b6 14. Nf1
f6 15. Bd2 Rf7 16. Ne3 Nb8 17. Bd3 Raa7 18. a4 a5 1/2-1/2

[Event "Open Plzen 2017"]
[Site "Plzen"]
[Date "2017.11.25"]
[Round "7"]
[White "Aird, Ian"]
[Black "Moeckel, Jens"]
[Result "1-0"]
[WhiteElo "1738"]
[BlackElo "1937"]
[PlyCount "81"]
[EventDate "2017.11.19"]

1. e4 g6 2. d4 Bg7 3. Nc3 d6 4. Nf3 Nf6 5. Be2 O-O 6. O-O Nbd7 7. e5 dxe5 8.
dxe5 Ng4 9. e6 fxe6 10. Ng5 Nxh2 11. Kxh2 Nb6 12. Qxd8 Rxd8 13. Bg4 Rd6 14. Re1
e5 15. Bxc8 Rxc8 16. Nge4 Rc6 17. b3 e6 18. Bb2 Nd5 19. a3 a5 20. Rad1 b5 21.
Nxd5 exd5 22. Rxd5 Rxc2 23. Rd2 Rxd2 24. Nxd2 Rd8 25. Ne4 Rd3 26. Re3 Rxe3 27.
fxe3 Kf7 28. Kg3 h6 29. Kf3 g5 30. g4 b4 31. a4 Kg6 32. Kg3 h5 33. gxh5+ Kxh5
34. Nd2 g4 35. Nc4 c5 36. Nxa5 Bh6 37. Nc4 Bg5 38. a5 Bh4+ 39. Kg2 Be1 40. a6
Bc3 41. a7 1-0

[Event "Open Plzen 2017"]
[Site "Plzen"]
[Date "2017.11.25"]
[Round "7"]
[White "Murray, Jim G"]
[Black "Berka, Lubos"]
[Result "1/2-1/2"]
[WhiteElo "1874"]
[BlackElo "1760"]
[PlyCount "45"]
[EventDate "2017.11.19"]

1. d4 Nf6 2. c4 g6 3. Nc3 Bg7 4. e4 d6 5. Nf3 O-O 6. Be2 e5 7. O-O exd4 8. Nxd4
Nbd7 9. Be3 Nc5 10. f3 Re8 11. Qd2 a6 12. Rfd1 Ne6 13. Rac1 Qe7 14. b4 Nxd4 15.
Bxd4 Bd7 16. c5 Bc6 17. cxd6 cxd6 18. Bc4 Bf8 19. Bb3 Rac8 20. Qb2 Bh6 21. Ra1
Bf4 22. Ne2 Be5 23. Bxe5 1/2-1/2

[Event "Open Plzen 2017"]
[Site "Plzen"]
[Date "2017.11.25"]
[Round "7"]
[White "Brhlik, Antonin"]
[Black "Vachal, Josef"]
[Result "0-1"]
[WhiteElo "1707"]
[BlackElo "1866"]
[PlyCount "50"]
[EventDate "2017.11.19"]

1. e4 d6 2. d4 Nf6 3. Nc3 g6 4. f4 Bg7 5. Nf3 O-O 6. e5 dxe5 7. fxe5 Nd5 8.
Nxd5 Qxd5 9. Bd3 Bg4 10. O-O Bxf3 11. Qxf3 Qxd4+ 12. Kh1 Nc6 13. c3 Qd7 14. Bb5
Bxe5 15. Bh6 Bg7 16. Bxg7 Kxg7 17. Rfe1 Rfd8 18. Re3 Qd6 19. Rf1 f6 20. h4 Ne5
21. Qh3 h5 22. Qg3 Qc5 23. Ba4 Ng4 24. Bc2 Qxe3 25. Rf3 Qc1+ 0-1